000 00442nam a2200169Ia 4500
003 OSt
005 20260424093117.0
008 221114s9999||||xx |||||||||||||| ||und||
020 _a9781843981381
040 _cIPSTC
050 _aHD 6961
_b.D36 2011
100 _aDaniels, Kathy.
245 0 _aEmployee relations in an organisational context:
_cKathy Daniels.
260 _bCIPD
300 _axiii,335 pages.
_bill
_c25cm.
942 _2lcc
_cBK
999 _c12656
_d12656